[Event "MVP-ch Seniors op 18th"]
[Site "Ostseebad Binz"]
[Date "2018.12.04"]
[Round "7"]
[White "Daeubler, Heinrich"]
[Black "Manthey, Juergen"]
[Result "1-0"]
[WhiteElo "2156"]
[BlackElo "2060"]
[PlyCount "89"]
[EventDate "2018.11.28"]
[EventType "swiss"]
[EventRounds "9"]
[EventCountry "GER"]
[SourceTitle "CBM 188 Extra"]
[Source "ChessBase"]
[SourceDate "2019.02.26"]
[SourceVersion "1"]
[SourceVersionDate "2019.02.26"]
[SourceQuality "1"]

1. d4 d5 2. c4 dxc4 3. e3 Be6 4. Nd2 Nc6 5. Nxc4 Nf6 6. Nf3 Bd5 7. Bd3 e6 8. 0-0 Be7 9. a3 0-0 10. Ncd2 Bxf3 11. Nxf3 Qd5 12. Qc2 Rfd8 13. b4 Rac8 14. Bb2 Qh5 15. Rfd1 Nb8 16. Be2 Qg6 17. Rac1 Qxc2 18. Rxc2 c6 19. Rdc1 Nd5 20. Bc4 Nb6 21. Bb3 N8d7 22. Ne1 a6 23. Nd3 Nf6 24. Nc5 Bxc5 25. Rxc5 Nbd5 26. R5c2 Rc7 27. h3 Rcd7 28. Re1 h5 29. g3 Ne4 30. Kg2 Nc7 31. f3 Nf6 32. g4 hxg4 33. hxg4 Nfd5 34. Kg3 g5 35. Rh2 f6 36. e4 Nf4 37. Rf1 Ng6 38. d5 cxd5 39. Bxf6 Rf8 40. e5 Kf7 41. Rh7+ Ke8 42. Bc2 Nh4 43. Rxd7 Kxd7 44. f4 Rg8 45. Bh7 1-0

[Event "MVP-ch Seniors op 18th"]
[Site "Ostseebad Binz"]
[Date "2018.12.03"]
[Round "6"]
[White "Walther, Reinhard"]
[Black "Daeubler, Heinrich"]
[Result "0-1"]
[WhiteElo "2034"]
[BlackElo "2156"]
[PlyCount "78"]
[EventDate "2018.11.28"]
[EventType "swiss"]
[EventRounds "9"]
[EventCountry "GER"]
[SourceTitle "CBM 188 Extra"]
[Source "ChessBase"]
[SourceDate "2019.02.26"]
[SourceVersion "1"]
[SourceVersionDate "2019.02.26"]
[SourceQuality "1"]

1. d4 g6 2. e4 Bg7 3. Nf3 d6 4. Be2 a6 5. Be3 Nd7 6. Nc3 b5 7. Qd2 Bb7 8. a3 Ngf6 9. Bd3 c5 10. d5 h6 11. Rd1 Rc8 12. 0-0 c4 13. Be2 Nc5 14. Bd4 Ncxe4 15. Nxe4 Nxe4 16. Qe3 Nf6 17. Nh4 Nxd5 18. Qg3 e5 19. Nxg6 fxg6 20. Qxg6+ Kf8 21. Be3 Nf6 22. f4 e4 23. f5 Qe8 24. Qg3 d5 25. Qh4 Qe7 26. g4 Ke8 27. Bd4 Kd7 28. Qg3 Rhg8 29. Qc3 Nxg4 30. Kh1 Bxd4 31. Qxd4 Qe5 32. Bxg4 Qxd4 33. Rxd4 Rxg4 34. f6 Rf8 35. Rd2 Ke6 36. h3 Rg6 37. b3 d4 38. Kh2 e3 39. Re2 Rgxf6 0-1

[Event "GER-ch Seniors 65"]
[Site "Hamburg"]
[Date "2018.07.24"]
[Round "4"]
[White "Kiefer, Gerhard"]
[Black "Daeubler, Heinrich"]
[Result "1-0"]
[WhiteElo "2256"]
[BlackElo "2142"]
[PlyCount "37"]
[EventDate "2018.07.21"]
[EventType "swiss"]
[EventRounds "9"]
[EventCountry "GER"]
[SourceTitle "CBM 186 Extra"]
[Source "ChessBase"]
[SourceDate "2018.08.24"]
[SourceVersion "1"]
[SourceVersionDate "2018.08.24"]
[SourceQuality "1"]

1. e4 c6 2. d4 d5 3. Nc3 dxe4 4. Nxe4 Bf5 5. Ng3 Bg6 6. N1e2 e6 7. Nf4 Bd6 8. c3 Ne7 9. Bc4 Qc7 10. Qf3 Nd5 11. Bxd5 exd5 12. 0-0 0-0 13. Nfh5 Nd7 14. Nf5 Bxf5 15. Qxf5 Rfe8 16. Qg4 Bf8 17. Nxg7 Nf6 18. Ne6+ Nxg4 19. Nxc7 1-0

[Event "GER-chT Seniors 26th"]
[Site "Templin"]
[Date "2017.09.25"]
[Round "1.2"]
[White "Daeubler, Heinrich"]
[Black "Werner, Clemens"]
[Result "1/2-1/2"]
[WhiteElo "2165"]
[BlackElo "2306"]
[PlyCount "70"]
[EventDate "2017.09.25"]
[EventType "team-swiss"]
[EventRounds "7"]
[EventCountry "GER"]
[SourceTitle "EXT 2019"]
[Source "ChessBase"]
[SourceDate "2018.10.10"]
[SourceVersion "1"]
[SourceVersionDate "2018.10.10"]
[SourceQuality "1"]
[WhiteTeam "Bayern II"]
[BlackTeam "Baden"]
[WhiteTeamCountry "GER"]
[BlackTeamCountry "GER"]

1. d4 Nf6 2. c4 d6 3. Nc3 e5 4. dxe5 dxe5 5. Qxd8+ Kxd8 6. Nf3 Nfd7 7. g3 f6 8. Bg2 a5 9. 0-0 Na6 10. b3 c6 11. Bb2 Ndc5 12. Nd2 Bg4 13. f4 exf4 14. Rxf4 Be6 15. Rd4+ Kc7 16. Nde4 Be7 17. Kf1 Rhd8 18. Rad1 Rxd4 19. Rxd4 Re8 20. Bc1 Nd7 21. Bf4+ Ne5 22. Ng5 Bc5 23. Bxe5+ fxe5 24. Nxe6+ Rxe6 25. Re4 Rf6+ 26. Bf3 Bd4 27. Nd1 Nc5 28. Rg4 e4 29. Ke1 exf3 30. Rxd4 Re6 31. Rd2 fxe2 32. Nf2 h5 33. Rxe2 Kd6 34. Rxe6+ Nxe6 35. Kd2 Ke5 1/2-1/2

[Event "GER-chA Seniors 28th"]
[Site "Niederhausen"]
[Date "2016.08.20"]
[Round "8"]
[White "Bellingrath, Jens"]
[Black "Daeubler, Heinrich"]
[Result "1/2-1/2"]
[WhiteElo "2061"]
[BlackElo "2158"]
[PlyCount "82"]
[EventDate "2016.08.13"]
[EventType "swiss"]
[EventRounds "9"]
[EventCountry "GER"]
[SourceTitle "EXT 2019"]
[Source "ChessBase"]
[SourceDate "2018.10.10"]
[SourceVersion "1"]
[SourceVersionDate "2018.10.10"]
[SourceQuality "1"]

1. e4 g6 2. d4 Bg7 3. Bc4 d6 4. Nf3 Nf6 5. Qe2 0-0 6. Nbd2 Nc6 7. c3 e5 8. dxe5 Nxe5 9. Nxe5 dxe5 10. 0-0 Qe7 11. Nf3 h6 12. Bd2 b6 13. Rad1 Bb7 14. Bd3 Rfd8 15. Bc1 Rd6 16. Bc2 Rad8 17. Rxd6 Rxd6 18. b3 Rd7 19. Nd2 Nh7 20. Nc4 Ba6 21. Be3 Nf8 22. Rd1 Rxd1+ 23. Qxd1 Bxc4 24. bxc4 Qa3 25. Bb3 Qb2 26. c5 Qxc3 27. cxb6 cxb6 28. h4 Qc7 29. Qd5 Ne6 30. h5 g5 31. Qa8+ Nd8 32. g3 Bf6 33. Qd5 Kg7 34. f3 Be7 35. Kg2 Bc5 36. Bc1 Ne6 37. Bb2 Bd4 38. Ba3 Bc5 39. Bb2 Bd4 40. Ba3 Bc5 41. Bb2 Bd4 1/2-1/2

[Event "GER-chA Seniors 28th"]
[Site "Niederhausen"]
[Date "2016.08.14"]
[Round "2"]
[White "Esterluss, Johannes"]
[Black "Daeubler, Heinrich"]
[Result "1/2-1/2"]
[WhiteElo "2006"]
[BlackElo "2158"]
[PlyCount "81"]
[EventDate "2016.08.13"]
[EventType "swiss"]
[EventRounds "9"]
[EventCountry "GER"]
[SourceTitle "EXT 2019"]
[Source "ChessBase"]
[SourceDate "2018.10.10"]
[SourceVersion "1"]
[SourceVersionDate "2018.10.10"]
[SourceQuality "1"]

1. c4 c6 2. g3 d5 3. cxd5 cxd5 4. Bg2 Nf6 5. Nf3 Nc6 6. 0-0 Bg4 7. h3 Bh5 8. d4 e6 9. Be3 Qb6 10. b3 Ne4 11. g4 Bg6 12. Nfd2 Nxd2 13. Qxd2 Bb4 14. Qb2 Bxb1 15. Raxb1 Qa5 16. Rfd1 Ba3 17. Qa1 0-0 18. Bd2 Nb4 19. Bxb4 Bxb4 20. a4 Rac8 21. Rbc1 Bd2 22. Rxc8 Rxc8 23. Qb2 Bc3 24. Qb1 Qb4 25. e3 g6 26. Rc1 Rc6 27. Qa2 Kg7 28. Bf1 a6 29. Be2 Kf6 30. Kg2 Qd6 31. Bf3 Qb4 32. Be2 Ke7 33. Bd1 Kd6 34. Bf3 Bd2 35. Rxc6+ Kxc6 36. Qc2+ Qc3 37. Bd1 Kb6 38. Qxc3 Bxc3 39. Kf1 Ka5 40. Ke2 Kb4 41. Kd3 1/2-1/2

[Event "Bad Woerishofen Seniors op 32nd"]
[Site "Bad Woerishofen"]
[Date "2016.03.05"]
[Round "9"]
[White "Daeubler, Heinrich"]
[Black "Haubt, Georg"]
[Result "1-0"]
[WhiteElo "2159"]
[BlackElo "2125"]
[PlyCount "137"]
[EventDate "2016.02.26"]
[EventType "swiss"]
[EventRounds "9"]
[EventCountry "GER"]
[SourceTitle "EXT 2019"]
[Source "ChessBase"]
[SourceDate "2018.10.10"]
[SourceVersion "1"]
[SourceVersionDate "2018.10.10"]
[SourceQuality "1"]

1. d4 d5 2. c4 Nc6 3. cxd5 Qxd5 4. e3 e5 5. Nc3 Bb4 6. Bd2 Bxc3 7. bxc3 exd4 8. cxd4 Nf6 9. Qb3 Qxb3 10. axb3 Ne4 11. Bd3 Nxd2 12. Kxd2 Be6 13. Ne2 0-0-0 14. Kc3 Kb8 15. b4 b6 16. b5 Ne7 17. e4 f5 18. f3 Rhf8 19. Rhf1 Bc8 20. d5 Rd6 21. Bc4 Ng6 22. Nd4 Bd7 23. Rfe1 fxe4 24. fxe4 Ne5 25. Ra2 Rf4 26. Bd3 Rdf6 27. Rea1 a5 28. bxa6 c5 29. dxc6 Nxc6 30. g3 Rf2 31. a7+ Ka8 32. e5 Rxa2 33. exf6 Rxa1 34. f7 Ra3+ 35. Kb2 Rxd3 36. f8Q+ Kxa7 37. Nxc6+ Bxc6 38. Qxg7+ Rd7 39. Qc3 Kb7 40. g4 Rf7 41. Qd4 Rd7 42. Qf4 b5 43. h4 Bd5 44. g5 Bc4 45. Kc3 Kc6 46. Kb4 Bd3 47. Qf3+ Rd5 48. h5 Bf5 49. Qc3+ Kb7 50. g6 hxg6 51. hxg6 Be6 52. Qf6 Rd6 53. g7 Kc6 54. Qc3+ Kb7 55. Qf3+ Kc7 56. Kxb5 Rd5+ 57. Kb4 Rd4+ 58. Kc5 Rc4+ 59. Kb5 Kd7 60. Qe2 Rc8 61. Qd3+ Ke7 62. Qa3+ Kf7 63. Qa7+ Kg8 64. Qe7 Bc4+ 65. Kb4 Bf7 66. Kb5 Bc4+ 67. Kb6 Bf7 68. Kb7 Rc4 69. Qf8+ 1-0

[Event "Bad Woerishofen Seniors op 32nd"]
[Site "Bad Woerishofen"]
[Date "2016.03.02"]
[Round "6"]
[White "Aigner, Georg"]
[Black "Daeubler, Heinrich"]
[Result "0-1"]
[WhiteElo "1932"]
[BlackElo "2159"]
[PlyCount "102"]
[EventDate "2016.02.26"]
[EventType "swiss"]
[EventRounds "9"]
[EventCountry "GER"]
[SourceTitle "EXT 2019"]
[Source "ChessBase"]
[SourceDate "2018.10.10"]
[SourceVersion "1"]
[SourceVersionDate "2018.10.10"]
[SourceQuality "1"]

1. e4 g6 2. d4 Bg7 3. Nf3 d6 4. Be2 Nf6 5. Nc3 c5 6. 0-0 cxd4 7. Nxd4 a6 8. a4 b6 9. Bf3 Ra7 10. Be3 Rc7 11. Nd5 Nxd5 12. exd5 Bb7 13. Nc6 Bxc6 14. Bxb6 Bb7 15. c4 Qc8 16. Bxc7 Qxc7 17. Qe2 Nd7 18. Be4 Nc5 19. Bb1 0-0 20. Ra3 a5 21. Re3 Bf6 22. b3 Rb8 23. Kh1 e6 24. dxe6 Nxe6 25. f4 Nd4 26. Qd1 Qc5 27. Rfe1 Kg7 28. Re8 Rxe8 29. Rxe8 Qc6 30. Re4 Ne6 31. Qf3 Qc5 32. Qe2 Bxe4 33. Qxe4 Qd4 34. Qxd4 Nxd4 35. Ba2 Ne2 36. b4 axb4 37. Bb3 Nxf4 38. g3 Nd3 39. a5 Nc1 40. a6 Bd4 41. Ba4 b3 42. Kg2 b2 43. Bc2 Nb3 44. Kf3 b1Q 45. Bxb1 Nd2+ 46. Ke2 Nxb1 47. Kd3 Bc5 48. Kc2 Na3+ 49. Kb3 Kf6 50. a7 Bxa7 51. Kxa3 Ke5 0-1

[Event "GER-chT Seniors 24th"]
[Site "Berlin"]
[Date "2015.09.07"]
[Round "2.3"]
[White "Herbrechtsmeier, Christof"]
[Black "Daeubler, Heinrich"]
[Result "1/2-1/2"]
[WhiteElo "2275"]
[BlackElo "2165"]
[PlyCount "91"]
[EventDate "2015.09.06"]
[EventType "team-swiss"]
[EventRounds "7"]
[EventCountry "GER"]
[SourceTitle "EXT 2018"]
[Source "ChessBase"]
[SourceDate "2017.10.13"]
[SourceVersion "1"]
[SourceVersionDate "2017.10.13"]
[SourceQuality "1"]
[WhiteTeam "Baden Seniors"]
[BlackTeam "Bayern Seniors"]
[WhiteTeamCountry "GER"]
[BlackTeamCountry "GER"]

1. e4 e6 2. d4 d5 3. Nc3 Bb4 4. e5 c5 5. dxc5 Nc6 6. Nf3 Nge7 7. Bd3 Ng6 8. Bxg6 hxg6 9. 0-0 Bxc5 10. Qe2 Bd7 11. Be3 Be7 12. Nb5 0-0 13. Nbd4 Qc7 14. Nxc6 bxc6 15. Rfe1 c5 16. Qd3 Rab8 17. b3 Bc6 18. Bg5 Rfe8 19. Bxe7 Qxe7 20. Qd2 f6 21. Qf4 g5 22. Qg3 d4 23. Nd2 f5 24. Nc4 Rbd8 25. Nd6 Rf8 26. Rad1 Bd5 27. c3 dxc3 28. Qxc3 Rxd6 29. exd6 Qxd6 30. Rc1 Rc8 31. Qe5 Qxe5 32. Rxe5 Kf7 33. Re3 Ke7 34. Rg3 g4 35. h3 gxh3 36. Rxh3 Kd6 37. Rg3 Rc7 38. f4 a5 39. Kh2 Rb7 40. Rgc3 Rb4 41. g3 a4 42. Rxc5 axb3 43. axb3 Rxb3 44. Rc7 Rb8 45. Rc8 Rb7 46. Rd8+ 1/2-1/2

[Event "GER-chA Seniors 27th"]
[Site "Magdeburg"]
[Date "2015.08.23"]
[Round "9"]
[White "Villing, Dieter"]
[Black "Daeubler, Heinrich"]
[Result "1/2-1/2"]
[WhiteElo "2088"]
[BlackElo "2190"]
[PlyCount "32"]
[EventDate "2015.08.15"]
[EventType "swiss"]
[EventRounds "9"]
[EventCountry "GER"]
[SourceTitle "EXT 2018"]
[Source "ChessBase"]
[SourceDate "2017.10.13"]
[SourceVersion "1"]
[SourceVersionDate "2017.10.13"]
[SourceQuality "1"]

1. d4 Nf6 2. Nc3 g6 3. e4 d6 4. f4 Bg7 5. Nf3 0-0 6. e5 dxe5 7. dxe5 Qxd1+ 8. Kxd1 Rd8+ 9. Ke1 Nd5 10. Nxd5 Rxd5 11. Bc4 Rd8 12. Ng5 e6 13. Be3 b6 14. Kf2 Bb7 15. Rhd1 Nc6 16. c3 h6 1/2-1/2

[Event "GER-chT Seniors 23rd"]
[Site "Bergen"]
[Date "2014.09.01"]
[Round "1.4"]
[White "Daeubler, Heinrich"]
[Black "Erben, Wolfgang"]
[Result "0-1"]
[WhiteElo "2174"]
[BlackElo "2153"]
[PlyCount "98"]
[EventDate "2014.09.01"]
[EventType "team-swiss"]
[EventRounds "7"]
[EventCountry "GER"]
[SourceTitle "EXT 2018"]
[Source "ChessBase"]
[SourceDate "2017.10.13"]
[SourceVersion "1"]
[SourceVersionDate "2017.10.13"]
[SourceQuality "1"]

1. d4 Nf6 2. c4 e6 3. Nf3 b6 4. g3 Bb7 5. Bg2 Bb4+ 6. Bd2 Qe7 7. 0-0 0-0 8. Bg5 h6 9. Bxf6 Qxf6 10. c5 bxc5 11. Qc2 d5 12. a3 Ba5 13. dxc5 c6 14. Nbd2 Ba6 15. Rfe1 Bc7 16. e4 Nd7 17. exd5 exd5 18. Nb3 Rfe8 19. Nbd4 Ne5 20. Rad1 Bc4 21. b3 Nxf3+ 22. Nxf3 Ba6 23. Qd2 Rab8 24. b4 Bb5 25. a4 Rxe1+ 26. Rxe1 Bxa4 27. Qe3 Rxb4 28. Qe8+ Kh7 29. Re7 Rb1+ 30. Ne1 Ba5 31. Bf1 Bb5 32. Bxb5 cxb5 33. Kg2 Rxe1 34. Rxe1 Bxe1 35. Qxe1 Qc6 36. Qe7 d4+ 37. f3 d3 38. Kf2 d2 39. Ke2 d1Q+ 40. Kxd1 Qxf3+ 41. Kd2 b4 42. Qe3 Qg2+ 43. Qe2 Qc6 44. Qd3+ g6 45. Qd6 Qg2+ 46. Kd3 Qf3+ 47. Kd2 Qc3+ 48. Ke2 Qc4+ 49. Kf2 b3 0-1